[Event "GBR-ch108 Major Open"]
[Site "Torquay"]
[Date "2022.08.20"]
[Round "8"]
[White "Ashworth, Robert"]
[Black "Wilson, Matthew R"]
[Result "1-0"]
[WhiteElo "1581"]
[BlackElo "1797"]
[PlyCount "82"]
[EventDate "2022.08.13"]
[EventType "swiss"]
[EventRounds "9"]
[EventCountry "GBR"]
[SourceTitle "BritBase"]
[Source "John Saunders"]
[SourceDate "2021.06.05"]
[SourceVersion "1"]
[SourceVersionDate "2021.06.05"]
[SourceQuality "1"]

1. e4 e5 2. Nf3 Nf6 3. Nxe5 d6 4. Nf3 Nxe4 5. d4 d5 6. Bd3 Bd6 7. Nbd2 O-O 8.
O-O Bf5 9. Re1 Re8 10. Nf1 Bg6 11. Ne3 c6 12. c4 Bb4 13. Re2 dxc4 14. Nxc4 Nd7
15. Qb3 a5 16. a3 b5 17. Nce5 Nxe5 18. Nxe5 Rxe5 19. axb4 Qxd4 20. Be3 Qd8 21.
Bf4 Re8 22. Rae1 Nf6 23. Bxg6 hxg6 24. Rxe8+ Nxe8 25. Qc3 Qd5 26. bxa5 Nd6 27.
Bxd6 Qxd6 28. b4 Kf8 29. g3 Re8 30. Rxe8+ Kxe8 31. Qe3+ Kd7 32. Qa7+ Ke6 33.
Qe3+ Kd7 34. Qb3 Qe7 35. Kf1 Qf6 36. Qe3 Qd6 37. Qb3 Ke7 38. a6 c5 39. a7 Qa6
40. Qe3+ Kd6 41. Qf4+ Kd5 1-0

[Event "GBR-ch108 Major Open"]
[Site "Torquay"]
[Date "2022.08.20"]
[Round "8"]
[White "Sivanandan, Bodhana"]
[Black "Willow, Hambel M"]
[Result "0-1"]
[WhiteElo "1436"]
[BlackElo "1585"]
[PlyCount "104"]
[EventDate "2022.08.13"]
[EventType "swiss"]
[EventRounds "9"]
[EventCountry "GBR"]
[SourceTitle "BritBase"]
[Source "John Saunders"]
[SourceDate "2021.06.05"]
[SourceVersion "1"]
[SourceVersionDate "2021.06.05"]
[SourceQuality "1"]

1. e4 c6 2. d4 d5 3. e5 Bf5 4. Ne2 e6 5. Ng3 Bg6 6. h4 h6 7. h5 Bh7 8. Nd2 Nd7
9. Nf3 Qc7 10. c3 c5 11. Bd3 Bxd3 12. Qxd3 Ne7 13. Be3 Nc6 14. a3 cxd4 15. cxd4
Qa5+ 16. Bd2 Qb6 17. O-O Be7 18. b4 Rc8 19. Rac1 O-O 20. Rc2 a5 21. b5 Na7 22.
a4 Rxc2 23. Qxc2 Rc8 24. Qb3 Rc4 25. Rc1 Qc7 26. Ne2 Bb4 27. Bxb4 Rxc1+ 28.
Nxc1 Qxc1+ 29. Be1 Nb6 30. Kh2 Nc4 31. b6 Nc6 32. Bc3 Qf1 33. Qb5 Qd3 34. Bb2
Qc2 35. Ba1 Qc1 36. g3 Qxa1 37. Kg2 Qa3 38. g4 Qb4 39. Kg3 Qxb5 40. axb5 Nb4
41. g5 hxg5 42. Nxg5 a4 43. f4 a3 44. Kg4 a2 45. Nf3 a1=Q 46. Kg3 Qc3 47. Kg4
Ne3+ 48. Kg5 Nf5 49. Kg4 Nd3 50. Nh2 Nf2+ 51. Kg5 Qg3+ 52. Ng4 Qxg4# 0-1

[Event "GBR-ch108 Major Open"]
[Site "Torquay"]
[Date "2022.08.20"]
[Round "8"]
[White "Liu, Jacob"]
[Black "Cox, Lucian"]
[Result "0-1"]
[WhiteElo "1269"]
[BlackElo "1295"]
[PlyCount "104"]
[EventDate "2022.08.13"]
[EventType "swiss"]
[EventRounds "9"]
[EventCountry "GBR"]
[SourceTitle "BritBase"]
[Source "John Saunders"]
[SourceDate "2021.06.05"]
[SourceVersion "1"]
[SourceVersionDate "2021.06.05"]
[SourceQuality "1"]

1. e4 c5 2. Nf3 d6 3. d4 cxd4 4. Nxd4 Nf6 5. Nc3 g6 6. f4 Nbd7 7. Be3 Bg7 8.
Bc4 a6 9. Bb3 b5 10. Nd5 Bb7 11. O-O Nxe4 12. Qf3 Ndc5 13. f5 Nxb3 14. Qxe4
Nxd4 15. Bxd4 Bxd5 16. Qxd5 Bxd4+ 17. Qxd4 O-O 18. f6 h5 19. Rae1 exf6 20. Rxf6
Re8 21. Rxe8+ Qxe8 22. Qxd6 Rd8 23. Qg3 Rd1+ 24. Rf1 Qe2 25. Qf3 Rxf1+ 26. Qxf1
Qxc2 27. Qa1 Qc5+ 28. Kh1 Qd4 29. h3 a5 30. Qc1 Qc4 31. Qxc4 bxc4 32. Kg1 f5
33. Kf2 g5 34. Ke3 g4 35. Kd4 f4 36. hxg4 hxg4 37. Kxc4 g3 38. Kd3 f3 39. gxf3
g2 40. a3 g1=Q 41. b4 axb4 42. axb4 Qb1+ 43. Kc4 Qf5 44. b5 Qxf3 45. Kc5 Qb7
46. b6 Kf7 47. Kb5 Ke6 48. Ka5 Kd6 49. Ka4 Qxb6 50. Ka3 Kc5 51. Ka2 Kc4 52. Ka1
Kc3 0-1

[Event "GBR-ch108 Major Open"]
[Site "Torquay"]
[Date "2022.08.21"]
[Round "9"]
[White "Ogunshola, Ben"]
[Black "James, Russell A"]
[Result "1/2-1/2"]
[WhiteElo "2140"]
[BlackElo "2033"]
[PlyCount "85"]
[EventDate "2022.08.13"]
[EventType "swiss"]
[EventRounds "9"]
[EventCountry "GBR"]
[SourceTitle "BritBase"]
[Source "John Saunders"]
[SourceDate "2021.06.05"]
[SourceVersion "1"]
[SourceVersionDate "2021.06.05"]
[SourceQuality "1"]

1. c4 c5 2. g3 e6 3. Nf3 Nc6 4. Bg2 Nf6 5. O-O a6 6. Nc3 Nd4 7. e3 Nxf3+ 8.
Bxf3 Qc7 9. Qe2 Be7 10. b3 O-O 11. Bb2 Rb8 12. d4 cxd4 13. exd4 b5 14. cxb5
axb5 15. d5 b4 16. Na4 Qa5 17. Rfd1 d6 18. dxe6 fxe6 19. Rac1 e5 20. Qc4+ Kh8
21. Qc7 Qxc7 22. Rxc7 Bd7 23. Bc1 Bd8 24. Ra7 Bxa4 25. Rxa4 Bb6 26. Be3 Bxe3
27. fxe3 e4 28. Be2 d5 29. g4 g5 30. Rc1 Kg7 31. Rc7+ Rf7 32. Rc5 h6 33. h3
Rfb7 34. Kf2 Kf7 35. Ke1 Ke7 36. Ra6 Rb6 37. Rc7+ Kd6 38. Raa7 Rc6 39. Rg7 Ke5
40. Rge7+ Re6 41. Rec7 Rd6 42. Kd2 Rbb6 43. Re7+ 1/2-1/2

[Event "GBR-ch108 Major Open"]
[Site "Torquay"]
[Date "2022.08.21"]
[Round "9"]
[White "Midhun, P U."]
[Black "Leslie, Alex"]
[Result "1-0"]
[WhiteElo "1965"]
[BlackElo "1827"]
[PlyCount "89"]
[EventDate "2022.08.13"]
[EventType "swiss"]
[EventRounds "9"]
[EventCountry "GBR"]
[SourceTitle "BritBase"]
[Source "John Saunders"]
[SourceDate "2021.06.05"]
[SourceVersion "1"]
[SourceVersionDate "2021.06.05"]
[SourceQuality "1"]

1. Nf3 Nf6 2. c4 e6 3. g3 b6 4. Bg2 Bb7 5. O-O Be7 6. Nc3 Ne4 7. Qc2 Nxc3 8.
dxc3 d6 9. Rd1 Nd7 10. b4 c5 11. e4 Qc7 12. b5 O-O 13. Bf4 Ne5 14. Nxe5 dxe5
15. Bxe5 Qxe5 16. Rd7 Bf6 17. Rxb7 Qxc3 18. Qxc3 Bxc3 19. Rd1 Bd4 20. e5 Rfd8
21. Re1 Bc3 22. Re3 Rd1+ 23. Bf1 Rc1 24. Kg2 Rc2 25. Bd3 Rxa2 26. Bxh7+ Kxh7
27. Rxc3 Kg6 28. Kf3 Rd8 29. Kg2 Rd4 30. Rf3 f6 31. Re7 fxe5 32. Rxe6+ Kh7 33.
Rxe5 Rxc4 34. Re7 Rb4 35. Rff7 Rxb5 36. Rxg7+ Kh8 37. Rc7 Rbb2 38. Rgf7 Kg8 39.
h4 Re2 40. h5 Re8 41. h6 a5 42. Rg7+ Kh8 43. Rh7+ Kg8 44. Rcg7+ Kf8 45. Rh8#
1-0

[Event "GBR-ch108 Major Open"]
[Site "Torquay"]
[Date "2022.08.21"]
[Round "9"]
[White "Shaw, Peter"]
[Black "Koiza, Peter"]
[Result "1-0"]
[WhiteElo "2117"]
[BlackElo "1781"]
[PlyCount "94"]
[EventDate "2022.08.13"]
[EventType "swiss"]
[EventRounds "9"]
[EventCountry "GBR"]
[SourceTitle "BritBase"]
[Source "John Saunders"]
[SourceDate "2021.06.05"]
[SourceVersion "1"]
[SourceVersionDate "2021.06.05"]
[SourceQuality "1"]

1. d4 Nf6 2. c4 g6 3. Nc3 d5 4. cxd5 Nxd5 5. Bd2 Bg7 6. e4 Nb6 7. Be3 O-O 8.
Nf3 Bg4 9. Qd2 Bxf3 10. gxf3 Nc6 11. O-O-O e5 12. dxe5 Qxd2+ 13. Rxd2 Nxe5 14.
f4 Nf3 15. Rd1 Rfd8 16. Bg2 Nh4 17. Bh3 f5 18. e5 Kf7 19. Rxd8 Rxd8 20. Rd1
Rxd1+ 21. Kxd1 g5 22. fxg5 Nc4 23. Bc1 Nxe5 24. Bf1 Nhf3 25. Nb5 Nxh2 26. Be2
Nhf3 27. Nxc7 Nd4 28. Bh5+ Ke7 29. Nd5+ Kd6 30. Nf4 Ng4 31. Nd3 Ne6 32. b3 Bd4
33. Ke2 Bc3 34. Ba3+ Kd5 35. Bf7 Be5 36. Nc5 Bd6 37. Bxe6+ Ke5 38. Bg8 Bxc5 39.
Bxc5 b6 40. Ba3 h5 41. f3 Nh2 42. Kf2 f4 43. Kg2 Ng4 44. fxg4 hxg4 45. g6 Ke4
46. g7 Ke3 47. Bc4 Ke4 1-0

[Event "GBR-ch108 Major Open"]
[Site "Torquay"]
[Date "2022.08.21"]
[Round "9"]
[White "Gardiner, Eric D"]
[Black "Dignam, Matthew"]
[Result "1/2-1/2"]
[WhiteElo "1915"]
[BlackElo "2080"]
[PlyCount "94"]
[EventDate "2022.08.13"]
[EventType "swiss"]
[EventRounds "9"]
[EventCountry "GBR"]
[SourceTitle "BritBase"]
[Source "John Saunders"]
[SourceDate "2021.06.05"]
[SourceVersion "1"]
[SourceVersionDate "2021.06.05"]
[SourceQuality "1"]

1. e4 c5 2. c3 g6 3. d4 Bg7 4. Nf3 d5 5. dxc5 e6 6. exd5 exd5 7. Be3 Nf6 8.
Bb5+ Nc6 9. O-O O-O 10. Nbd2 Qc7 11. h3 a6 12. Bd3 Nh5 13. Nb3 Nf4 14. Bc2 Ne7
15. Bxf4 Qxf4 16. Qd2 Qc7 17. Rfe1 a5 18. a4 Nf5 19. Nbd4 Bh6 20. Qd1 Nxd4 21.
Qxd4 Rd8 22. Qh4 Bf8 23. Nd4 Bxc5 24. Bd3 Bd7 25. Bb5 Re8 26. Bxd7 Qxd7 27. Nb5
Rxe1+ 28. Rxe1 Re8 29. Rxe8+ Qxe8 30. Kf1 Qe5 31. Nd4 Kg7 32. Qg4 h5 33. Qd1
Qe4 34. Nf3 Qc4+ 35. Qe2 Qxa4 36. Qe5+ Kg8 37. Qxd5 b6 38. Qd2 Qa2 39. g3 a4
40. Kg2 Kg7 41. Qe2 Kf8 42. Qd2 Kg7 43. Qe2 a3 44. Qe5+ Kg8 45. Qe8+ Kg7 46.
Qe5+ Kg8 47. Qe8+ Kg7 1/2-1/2

[Event "GBR-ch108 Major Open"]
[Site "Torquay"]
[Date "2022.08.21"]
[Round "9"]
[White "Li, Ethan"]
[Black "Smith, Andrew Philip"]
[Result "1-0"]
[WhiteElo "1553"]
[BlackElo "2073"]
[PlyCount "139"]
[EventDate "2022.08.13"]
[EventType "swiss"]
[EventRounds "9"]
[EventCountry "GBR"]
[SourceTitle "BritBase"]
[Source "John Saunders"]
[SourceDate "2021.06.05"]
[SourceVersion "1"]
[SourceVersionDate "2021.06.05"]
[SourceQuality "1"]

1. e4 c5 2. Nf3 Nc6 3. d4 cxd4 4. Nxd4 e5 5. Nb5 d6 6. Bc4 a6 7. N5c3 Be7 8.
O-O Nf6 9. Bg5 O-O 10. a3 Bg4 11. Qd3 Rc8 12. h3 Be6 13. Ba2 Nd4 14. Bxf6 Bxf6
15. Nd2 Bxa2 16. Rxa2 Bg5 17. Nf3 Nxf3+ 18. Qxf3 Re8 19. b4 Qd7 20. Nd5 Qc6 21.
c3 Re6 22. g3 Rf8 23. h4 Bd8 24. Qd3 g6 25. a4 f5 26. a5 f4 27. c4 g5 28. hxg5
Bxg5 29. gxf4 Bxf4 30. f3 Qe8 31. Rg2+ Rg6 32. Rff2 Kh8 33. b5 Rh6 34. Nxf4
Rxf4 35. Qd5 Rf7 36. Rg3 Rg7 37. Rxg7 Kxg7 38. Qxb7+ Kf6 39. Rg2 Qh5 40. Qg7+
Ke6 41. Qg8+ Kf6 42. Qg7+ Ke6 43. Qg4+ Qxg4 44. Rxg4 Rf6 45. Kf2 Rf7 46. Ke3
Rc7 47. Rh4 Rxc4 48. bxa6 Rc5 49. a7 Rxa5 50. Rxh7 Ra3+ 51. Ke2 Kf6 52. Kd2 Ra6
53. Kd3 Kg5 54. Kc4 Kf6 55. Kb5 Ra3 56. Kc6 Ke6 57. Kb7 Rb3+ 58. Kc8 Ra3 59.
Kb8 Rb3+ 60. Rb7 Rxf3 61. a8=Q Rf8+ 62. Ka7 Rxa8+ 63. Kxa8 Kf6 64. Rd7 Kg5 65.
Kb7 Kf4 66. Kc6 Kxe4 67. Rxd6 Kf3 68. Kd5 e4 69. Rf6+ Ke3 70. Re6 1-0

[Event "GBR-ch108 Major Open"]
[Site "Torquay"]
[Date "2022.08.21"]
[Round "9"]
[White "Johnson, Paul A"]
[Black "Alldritt, Nigel R E"]
[Result "0-1"]
[WhiteElo "1827"]
[BlackElo "2049"]
[PlyCount "110"]
[EventDate "2022.08.13"]
[EventType "swiss"]
[EventRounds "9"]
[EventCountry "GBR"]
[SourceTitle "BritBase"]
[Source "John Saunders"]
[SourceDate "2021.06.05"]
[SourceVersion "1"]
[SourceVersionDate "2021.06.05"]
[SourceQuality "1"]

1. d4 Nf6 2. c4 g6 3. Nc3 d5 4. cxd5 Nxd5 5. e4 Nxc3 6. bxc3 Bg7 7. Bc4 c5 8.
Ne2 O-O 9. O-O Nc6 10. Be3 Qc7 11. Rc1 Rd8 12. Qd2 Na5 13. Bd3 b6 14. Rfd1 c4
15. Bb1 Bb7 16. f3 e6 17. Qe1 f6 18. Bc2 Qf7 19. Rb1 Rac8 20. Qf2 Bc6 21. Rd2
Rd7 22. g3 Kh8 23. h4 Rg8 24. Qh2 Bf8 25. Rf1 Nb7 26. Nc1 b5 27. Rdf2 a5 28.
Ne2 Nd6 29. a3 Ne8 30. Ra1 Bd6 31. Qh3 Bf8 32. g4 Nc7 33. Rg2 Rd8 34. Ng3 Bd6
35. Ra2 Ra8 36. Bb1 Rab8 37. Rgb2 Qf8 38. a4 bxa4 39. Bc2 Rxb2 40. Rxb2 a3 41.
Ra2 Qb8 42. Bc1 Na6 43. Ne2 Nb4 44. cxb4 axb4 45. Ra1 b3 46. Bxa3 Bxa3 47. Rxa3
Qb4 48. Ra1 Qd2 49. Bd1 b2 50. Rb1 c3 51. Qh2 c2 52. Bxc2 Qxc2 53. Nc3 Qc1+ 54.
Kg2 Qxc3 55. Kg3 Bxe4 0-1

[Event "GBR-ch108 Major Open"]
[Site "Torquay"]
[Date "2022.08.21"]
[Round "9"]
[White "Starley, Robert"]
[Black "Sanger, Jake M"]
[Result "1-0"]
[WhiteElo "1900"]
[BlackElo "1639"]
[PlyCount "63"]
[EventDate "2022.08.13"]
[EventType "swiss"]
[EventRounds "9"]
[EventCountry "GBR"]
[SourceTitle "BritBase"]
[Source "John Saunders"]
[SourceDate "2021.06.05"]
[SourceVersion "1"]
[SourceVersionDate "2021.06.05"]
[SourceQuality "1"]

1. e4 c5 2. Nf3 Nc6 3. d4 cxd4 4. Nxd4 Nf6 5. Nc3 d6 6. Bg5 e6 7. Qd2 a6 8.
O-O-O Bd7 9. f4 h6 10. Bh4 b5 11. a3 Rc8 12. Be2 Qb6 13. Bxf6 gxf6 14. Bh5 b4
15. axb4 Nxb4 16. Kb1 Rb8 17. f5 Ke7 18. Rhf1 Bg7 19. fxe6 fxe6 20. e5 f5 21.
exd6+ Kd8 22. Qf2 Nxc2 23. Kxc2 e5 24. Kb1 exd4 25. Nd5 Qxd6 26. Qh4+ Kc8 27.
Rc1+ Kb7 28. Rc7+ Ka8 29. Bf3 Bc6 30. Rxc6 Rxb2+ 31. Kxb2 d3+ 32. Ka2 1-0

[Event "GBR-ch108 Major Open"]
[Site "Torquay"]
[Date "2022.08.21"]
[Round "9"]
[White "Larkin, Benjamin"]
[Black "Saunders, Aron"]
[Result "1/2-1/2"]
[WhiteElo "1311"]
[BlackElo "1517"]
[PlyCount "89"]
[EventDate "2022.08.13"]
[EventType "swiss"]
[EventRounds "9"]
[EventCountry "GBR"]
[SourceTitle "BritBase"]
[Source "John Saunders"]
[SourceDate "2021.06.05"]
[SourceVersion "1"]
[SourceVersionDate "2021.06.05"]
[SourceQuality "1"]

1. Nf3 Nf6 2. g3 c5 3. Bg2 Nc6 4. O-O g6 5. c4 Bg7 6. Nc3 O-O 7. d4 cxd4 8.
Nxd4 Qb6 9. Nb3 d6 10. Nd5 Nxd5 11. cxd5 Ne5 12. Be3 Qa6 13. Bd4 Bd7 14. f4 Nc4
15. Bxg7 Kxg7 16. Qd4+ Kg8 17. Rfc1 Rac8 18. e4 Qb6 19. Qxb6 axb6 20. Rab1 Rc7
21. Rc3 b5 22. Rbc1 Rcc8 23. Bf1 Ra8 24. Bxc4 bxc4 25. Rxc4 Rxa2 26. Rc7 Rd8
27. R1c2 b5 28. Rb7 Kf8 29. Nd4 Ra4 30. Nc6 Bxc6 31. dxc6 Rc8 32. Rxb5 Ra6 33.
c7 Ke8 34. Rb8 Kd7 35. Rxc8 Kxc8 36. Kf2 Rb6 37. Ke3 Rb4 38. e5 d5 39. Kd2 e6
40. Kc1 h5 41. Rc6 Rb7 42. Kc2 Rxc7 43. Rxc7+ Kxc7 44. Kc3 Kc6 45. Kd4 1/2-1/2

[Event "GBR-ch108 Major Open"]
[Site "Torquay"]
[Date "2022.08.21"]
[Round "9"]
[White "McKay, Jonathan"]
[Black "Merriman, James"]
[Result "1-0"]
[WhiteElo "1636"]
[BlackElo "1683"]
[PlyCount "137"]
[EventDate "2022.08.13"]
[EventType "swiss"]
[EventRounds "9"]
[EventCountry "GBR"]
[SourceTitle "BritBase"]
[Source "John Saunders"]
[SourceDate "2021.06.05"]
[SourceVersion "1"]
[SourceVersionDate "2021.06.05"]
[SourceQuality "1"]

1. e4 e6 2. d4 d5 3. Bd3 dxe4 4. Bxe4 Nf6 5. Bf3 c5 6. Ne2 Be7 7. O-O O-O 8.
Nbc3 Nc6 9. Be3 Qa5 10. dxc5 Rd8 11. Qe1 Bxc5 12. Bxc6 bxc6 13. Ne4 Qxe1 14.
Nxf6+ gxf6 15. Raxe1 Bd6 16. c4 f5 17. Bg5 Rd7 18. Rd1 Ba6 19. b3 Kg7 20. Rd2
f6 21. Be3 Rad8 22. Rfd1 Kf7 23. Nc3 Ke7 24. Na4 f4 25. Bc5 Bc8 26. Rxd6 Rxd6
27. Rxd6 Rxd6 28. Nc3 Kd7 29. Bxd6 Kxd6 30. Kf1 Kc5 31. Ke2 Kb4 32. Kd2 Ka3 33.
Ne4 Kxa2 34. Kc3 f5 35. Nf6 h6 36. Ng8 h5 37. Ne7 Bd7 38. Ng6 Be8 39. Nxf4 e5
40. Nd3 e4 41. Nc5 Bg6 42. g3 Ka3 43. Nb7 h4 44. Na5 hxg3 45. hxg3 Be8 46. c5
Bd7 47. Nc4+ Ka2 48. Ne3 Ka3 49. Nc2+ Ka2 50. b4 a6 51. Nd4 Ka3 52. f3 exf3 53.
Nxf3 Ka4 54. Ne5 Be8 55. Nc4 Bf7 56. Nb6+ Kb5 57. Nc8 Ka4 58. Ne7 Kb5 59. Nxf5
Bd5 60. Nd4+ Ka4 61. g4 a5 62. bxa5 Kxa5 63. Nf5 Ka6 64. Kd4 Kb7 65. Ne7 Be6
66. g5 Kc7 67. Ke5 Kd7 68. Kf6 Bc4 69. g6 1-0

[Event "GBR-ch108 Major Open"]
[Site "Torquay"]
[Date "2022.08.21"]
[Round "9"]
[White "Ruane, Brendan J"]
[Black "Sugden, John N"]
[Result "0-1"]
[WhiteElo "1697"]
[BlackElo "2032"]
[PlyCount "46"]
[EventDate "2022.08.13"]
[EventType "swiss"]
[EventRounds "9"]
[EventCountry "GBR"]
[SourceTitle "BritBase"]
[Source "John Saunders"]
[SourceDate "2021.06.05"]
[SourceVersion "1"]
[SourceVersionDate "2021.06.05"]
[SourceQuality "1"]

1. e4 c6 2. d4 d5 3. exd5 cxd5 4. Bd3 Nc6 5. c3 g6 6. Nf3 Nh6 7. O-O Bf5 8. Re1
Bxd3 9. Qxd3 Bg7 10. Qb5 Qd7 11. c4 Nf5 12. Ne5 Nxe5 13. dxe5 Qxb5 14. cxb5 Kd7
15. Bf4 Rhc8 16. Nc3 e6 17. g4 Nd4 18. Red1 Bxe5 19. Bg3 Bg7 20. f4 Nc2 21.
Rac1 Ne3 22. Rd3 Nxg4 23. f5 gxf5 0-1

[Event "GBR-ch108 Major Open"]
[Site "Torquay"]
[Date "2022.08.21"]
[Round "9"]
[White "Norinkeviciute, Rasa"]
[Black "Moss, Jack"]
[Result "1-0"]
[WhiteElo "1837"]
[BlackElo "1707"]
[PlyCount "39"]
[EventDate "2022.08.13"]
[EventType "swiss"]
[EventRounds "9"]
[EventCountry "GBR"]
[SourceTitle "BritBase"]
[Source "John Saunders"]
[SourceDate "2021.06.05"]
[SourceVersion "1"]
[SourceVersionDate "2021.06.05"]
[SourceQuality "1"]

1. c4 f5 2. Nc3 Nf6 3. g3 d6 4. Bg2 e5 5. d3 Be7 6. e4 fxe4 7. dxe4 Nc6 8. Nge2
O-O 9. O-O Nd7 10. Nd5 a5 11. Be3 b6 12. Nec3 Kh8 13. Nb5 Nc5 14. Nbxc7 Rb8 15.
Qd2 Ne6 16. Nb5 Ba6 17. Ndc3 Bg5 18. f4 exf4 19. gxf4 Bf6 20. e5 1-0

[Event "GBR-ch108 Major Open"]
[Site "Torquay"]
[Date "2022.08.21"]
[Round "9"]
[White "Kumar, Sanjit S"]
[Black "Truman, Richard G"]
[Result "1-0"]
[WhiteElo "1534"]
[BlackElo "1943"]
[PlyCount "59"]
[EventDate "2022.08.13"]
[EventType "swiss"]
[EventRounds "9"]
[EventCountry "GBR"]
[SourceTitle "BritBase"]
[Source "John Saunders"]
[SourceDate "2021.06.05"]
[SourceVersion "1"]
[SourceVersionDate "2021.06.05"]
[SourceQuality "1"]

1. d4 Nf6 2. c4 c5 3. d5 d6 4. Nc3 g6 5. h3 Bg7 6. Nf3 O-O 7. e4 e6 8. Bd3 exd5
9. exd5 Re8+ 10. Be3 Nh5 11. O-O f5 12. Qd2 Nf6 13. Rfe1 Na6 14. a3 Nc7 15. b4
b6 16. Rab1 Ba6 17. Bf4 Qd7 18. bxc5 bxc5 19. Nb5 Bxb5 20. cxb5 Kh8 21. Bc4 Ne4
22. Qd3 Rab8 23. Ng5 Nxg5 24. Bxg5 Bd4 25. a4 Qg7 26. a5 Re5 27. Bf4 Rxe1+ 28.
Rxe1 Qd7 29. Rb1 Na8 30. Qg3 1-0

[Event "GBR-ch108 Major Open"]
[Site "Torquay"]
[Date "2022.08.21"]
[Round "9"]
[White "Collins, Jonathan"]
[Black "Foster, Timothy"]
[Result "1-0"]
[WhiteElo "1740"]
[BlackElo "1766"]
[PlyCount "85"]
[EventDate "2022.08.13"]
[EventType "swiss"]
[EventRounds "9"]
[EventCountry "GBR"]
[SourceTitle "BritBase"]
[Source "John Saunders"]
[SourceDate "2021.06.05"]
[SourceVersion "1"]
[SourceVersionDate "2021.06.05"]
[SourceQuality "1"]

1. e4 c5 2. Nf3 d6 3. g3 g6 4. Bg2 Bg7 5. O-O Nc6 6. c3 e5 7. d3 Nge7 8. Be3
O-O 9. Qd2 f5 10. Bh6 f4 11. Bxg7 Kxg7 12. d4 Qc7 13. Na3 a6 14. Nc2 h6 15. b4
b6 16. bxc5 bxc5 17. gxf4 Rxf4 18. Ne3 Bg4 19. Nxg4 Rxg4 20. d5 Nb8 21. h3 Rf4
22. Nxe5 dxe5 23. d6 Qd7 24. dxe7 Qxe7 25. Rab1 Nc6 26. Qd5 Rc8 27. Rb6 Na5 28.
Re6 Qc7 29. Rd6 Rf7 30. Qxe5+ Kh7 31. Qe6 Rg8 32. Rfd1 Rgg7 33. h4 Re7 34. Qg4
Nc4 35. Rxa6 Ne5 36. Qg3 Qb7 37. Rad6 g5 38. h5 g4 39. Qf4 Nf3+ 40. Kh1 Nh4 41.
Rxh6+ Kg8 42. Rd8+ Re8 43. Rxe8# 1-0

[Event "GBR-ch108 Major Open"]
[Site "Torquay"]
[Date "2022.08.21"]
[Round "9"]
[White "Phillips, Owen S"]
[Black "Pert, Nina"]
[Result "1/2-1/2"]
[WhiteElo "1851"]
[BlackElo "1553"]
[PlyCount "31"]
[EventDate "2022.08.13"]
[EventType "swiss"]
[EventRounds "9"]
[EventCountry "GBR"]
[SourceTitle "BritBase"]
[Source "John Saunders"]
[SourceDate "2021.06.05"]
[SourceVersion "1"]
[SourceVersionDate "2021.06.05"]
[SourceQuality "1"]

1. c4 e5 2. Nc3 Nc6 3. g3 Bc5 4. Bg2 d6 5. e3 a6 6. Nge2 Ba7 7. a3 h5 8. h4 Bg4
9. f3 Bd7 10. b4 Nh6 11. Bb2 Nf5 12. Nd5 Rc8 13. f4 exf4 14. Nexf4 Ne5 15. Bxe5
dxe5 16. Nxh5 1/2-1/2

[Event "GBR-ch108 Major Open"]
[Site "Torquay"]
[Date "2022.08.21"]
[Round "9"]
[White "Duke, Dillan"]
[Black "Novak, Vjekoslav"]
[Result "1-0"]
[WhiteElo "1237"]
[BlackElo "1663"]
[PlyCount "103"]
[EventDate "2022.08.13"]
[EventType "swiss"]
[EventRounds "9"]
[EventCountry "GBR"]
[SourceTitle "BritBase"]
[Source "John Saunders"]
[SourceDate "2021.06.05"]
[SourceVersion "1"]
[SourceVersionDate "2021.06.05"]
[SourceQuality "1"]

1. e4 d5 2. exd5 Nf6 3. d4 Bg4 4. Be2 Bxe2 5. Qxe2 Qxd5 6. Nf3 e6 7. O-O Bd6 8.
c4 Qh5 9. Nc3 Nc6 10. h3 O-O-O 11. Rd1 g5 12. Nxg5 Qg6 13. Qd3 Qg7 14. Qf3 Rhg8
15. Be3 Kb8 16. Nge4 Be7 17. Rac1 Nh5 18. g3 Nf6 19. Kh2 Nxe4 20. Qxe4 h5 21.
h4 Bd6 22. Qf3 f5 23. Ne2 e5 24. c5 e4 25. Qxf5 Rdf8 26. Qxe4 Re8 27. Qf3 Rgf8
28. Qg2 Be7 29. Nf4 Qg4 30. f3 Qf5 31. Qh3 Qf7 32. Re1 Qxa2 33. Re2 Qf7 34.
Rce1 Bf6 35. Qf5 Qc4 36. Qd5 Qxd5 37. Nxd5 Bxd4 38. Bf4 Rxe2+ 39. Rxe2 Bxc5 40.
Bxc7+ Kc8 41. Rc2 Rxf3 42. Rxc5 Rf2+ 43. Kh3 Rxb2 44. Be5 Rb1 45. Ne7+ Kd7 46.
Nxc6 bxc6 47. Ra5 Ke6 48. Bd4 Rb5 49. Rxb5 cxb5 50. Bxa7 Kd5 51. Be3 b4 52. Bh6
1-0

[Event "GBR-ch108 Major Open"]
[Site "Torquay"]
[Date "2022.08.21"]
[Round "9"]
[White "Menadue, Jeremy F S"]
[Black "Davis, Cameron"]
[Result "1/2-1/2"]
[WhiteElo "2008"]
[BlackElo "1487"]
[PlyCount "54"]
[EventDate "2022.08.13"]
[EventType "swiss"]
[EventRounds "9"]
[EventCountry "GBR"]
[SourceTitle "BritBase"]
[Source "John Saunders"]
[SourceDate "2021.06.05"]
[SourceVersion "1"]
[SourceVersionDate "2021.06.05"]
[SourceQuality "1"]

1. d4 d5 2. c4 c6 3. Nf3 Nf6 4. Nc3 e6 5. Bg5 dxc4 6. a4 Bb4 7. Qc2 b5 8. g3
Bb7 9. Bg2 Nbd7 10. O-O Qb6 11. Rfd1 O-O 12. h3 h6 13. Bf4 Nd5 14. Bd2 a5 15.
e4 Nxc3 16. bxc3 Be7 17. Rdb1 Ba6 18. Bf1 Qd8 19. Qa2 Nf6 20. e5 Nd5 21. axb5
cxb5 22. Qxa5 Qxa5 23. Rxa5 Nb6 24. Raa1 Bb7 25. Ne1 Rxa1 26. Rxa1 Ra8 27.
Rxa8+ Bxa8 1/2-1/2

[Event "GBR-ch108 Major Open"]
[Site "Torquay"]
[Date "2022.08.21"]
[Round "9"]
[White "Khoury, Theo"]
[Black "Taylor, William J"]
[Result "1/2-1/2"]
[WhiteElo "1444"]
[BlackElo "1936"]
[PlyCount "61"]
[EventDate "2022.08.13"]
[EventType "swiss"]
[EventRounds "9"]
[EventCountry "GBR"]
[SourceTitle "BritBase"]
[Source "John Saunders"]
[SourceDate "2021.06.05"]
[SourceVersion "1"]
[SourceVersionDate "2021.06.05"]
[SourceQuality "1"]

1. e4 e5 2. Nf3 Nf6 3. Nxe5 d6 4. Nf3 Nxe4 5. d4 d5 6. Bd3 Bd6 7. O-O O-O 8. c4
c6 9. Nc3 Nxc3 10. bxc3 dxc4 11. Bxc4 Bf5 12. Bg5 Qa5 13. d5 Be4 14. dxc6 Bxf3
15. Qxf3 Nxc6 16. Bd5 Rae8 17. Rfe1 Re5 18. Bxc6 bxc6 19. Qxc6 Rxg5 20. Qxd6
Rc5 21. Re7 Rxc3 22. Rae1 Qa3 23. Qd2 g6 24. h3 a5 25. Rd7 Qc5 26. Rd5 Qc7 27.
Qd4 Rc4 28. Qd3 a4 29. Rd7 Qc5 30. Rd5 Qc7 31. Rd7 1/2-1/2